Tarantino Movies by Picture - Statistics

General Stats
  • This quiz has been taken 511 times
  • The average score is 7 of 8
Answer Stats
Picture Hint Answer % Correct
1994 Pulp Fiction
99%
2003 Kill Bill: vol. 1
98%
2012 Django Unchained
92%
2009 Inglourious Basterds
90%
2019 Once Upon a Time in Hollywood
82%
1992 Reservoir Dogs
81%
2015 The Hateful Eight
71%
1997 Jackie Brown
58%
No matching quizzes found
Score Distribution
Percent of People with Each Score
Percentile by Number Answered
Your Score History
You have not taken this quiz